00584nam a2200169Ia 4500008004100000020001500041041001200056100001700068245004000085250000800125260004900133300000800182650001000190942000700200999001700207952019000224221030s9999 xx 000 0 und d a8122433791 aEnglish aS. K. Duggal 0aBuilding Materialscby S. K. Duggal a4th bNew Age International Pub.aNew Delhic2015 a594 aCivil cBK c15536d15536 pBE 14176g350.00l0eGifted by Prof. B. S. Komalr2024-06-13 00:00:00w2022-10-30yBK003Print4070aMIETLIBbMIETLIBcBL-Academic Block B, FL-2, CUP-132, SH-5, R-5d2015-04-2310HBE